| 000 | 00847nam a22002297a 4500 | ||
|---|---|---|---|
| 005 | 20260225093312.0 | ||
| 008 | 121017t cr ||||| |||| 00| 0 spa d | ||
| 020 | _a9968380989 (o.c.) | ||
| 020 | _a9968381012 (t.1) | ||
| 020 | _a9968380997 (t.2) | ||
| 020 | _a9968381039 (t.3) | ||
| 050 | 0 | 4 |
_aKHA2579 _bC53 2002 |
| 245 | 1 | 0 |
_aClásicos de procedimientos Civiles _c / Hugo Alsina |
| 250 | _a1a ed. | ||
| 260 |
_aSan José, Costa Rica : _bJurídica Universitaria : _bAsociación de Investigaciones Jurídicas, _c2002 |
||
| 300 |
_a3 v. ; _c28 cm. |
||
| 504 | _aIncluye bibliografía e índice | ||
| 505 | 0 |
_tT.1 Juicio ordinario -- _tT.2 Juicios ejecutivos y de apremio, medidas precautorias, y tercerías -- _tT.3 Juicios especiales. |
|
| 650 | 7 |
_2lemb _aProcedimiento Civil _zArgentina |
|
| 700 | 1 |
_aAlsina, Hugo, _eautor |
|
| 942 |
_2lcc _cLIB |
||
| 999 |
_c33903 _d33903 |
||